000 00383nam a2200133Ia 4500
008 231017s9999 xx 000 0 und d
082 _a625.8
082 _bINS
245 0 _aInspection and sampling procedures for fine & coarse aggregate
245 0 _cDepartment of transportation (Indiana)
260 _bDepartment of transportation (Indiana)
300 _c30cm
942 _cREP
999 _c606110
_d606110